[Event "4NCL Online Division 7"]
[Site "online"]
[Date "2021.01.26"]
[Round "1.244"]
[White "Mehta, Hatle"]
[Black "Knight, Samuel"]
[Result "0-1"]
[WhiteElo "1188"]
[BlackElo "1291"]
[PlyCount "122"]
[EventDate "2021.01.26"]
[WhiteTeam "Braunstone 2"]
[BlackTeam "Uxbridge Eagles"]

1. d4 e6 2. Bf4 d5 3. e3 c5 4. Nf3 Nc6 5. Nbd2 g6 6. c3 Nf6 7. Bb5 Bd7 8. Ne5
Nxe5 9. Bxd7+ Nexd7 10. Qb3 b6 11. Qb5 cxd4 12. cxd4 Bg7 13. Rc1 O-O 14. Bd6
Re8 15. Rc7 Bf8 16. Qc6 Bxd6 17. Qxd6 Rc8 18. Rxc8 Qxc8 19. O-O Rd8 20. Qa3 a5
21. b4 axb4 22. Qxb4 Qc2 23. Qe7 Re8 24. Qb4 Ra8 25. a3 Ra4 26. Qb3 Qxb3 27.
Nxb3 Rxa3 28. Rb1 Ne4 29. f3 Nc3 30. Rb2 Nf6 31. g4 Na4 32. Rb1 h5 33. h3 Nd7
34. Kh2 b5 35. Kg3 g5 36. h4 hxg4 37. Kxg4 gxh4 38. Kxh4 Kf8 39. Kg5 Ndb6 40.
Nd2 Nc4 41. Nxc4 bxc4 42. Rb8+ Ke7 43. Ra8 c3 44. Rc8 Ra2 45. e4 c2 46. exd5
exd5 47. Rc7+ Kd6 48. Rxf7 c1=Q+ 49. Kf5 Qc2+ 50. Kf4 Ra3 51. Rf6+ Ke7 52. Rf5
Ke6 53. Re5+ Kd6 54. Kg5 Qg2+ 55. Kf6 Rxf3+ 56. Rf5 Rxf5+ 57. Kxf5 Qf2+ 58. Kg6
Ke7 59. Kg7 Qg2+ 60. Kh8 Kf7 61. Kh7 Qg7# 0-1

[Event "4NCL Online Division 7"]
[Site "online"]
[Date "2021.01.26"]
[Round "1.251"]
[White "McCarron, Peter D J"]
[Black "Beazley, Eric"]
[Result "1-0"]
[WhiteElo "1694"]
[BlackElo "1300"]
[PlyCount "61"]
[EventDate "2021.01.26"]
[WhiteTeam "Redbridge All Sorts 3"]
[BlackTeam "Uxbridge Fury"]

1. c4 d5 2. cxd5 Qxd5 3. Nc3 Qd8 4. d4 e6 5. g3 f5 6. Nf3 h6 7. Bg2 c6 8. O-O
b5 9. Ne5 Qf6 10. e3 Bb7 11. Nxb5 a6 12. Nc7+ Kd8 13. Nxa8 Bxa8 14. Qb3 Bd6 15.
Nd3 g5 16. Nc5 g4 17. Nxe6+ Kd7 18. Nc5+ Ke7 19. Bd2 h5 20. Bc3 h4 21. d5 hxg3
22. Bxf6+ Nxf6 23. fxg3 cxd5 24. Nd3 Bc6 25. Nf4 Bxf4 26. exf4 d4 27. Bxc6 Nxc6
28. Rfe1+ Kd6 29. Qe6+ Kc5 30. Rac1+ Kb4 31. Qb3+ 1-0

[Event "4NCL Online Division 7"]
[Site "online"]
[Date "2021.01.26"]
[Round "1.252"]
[White "Bhat, Advay"]
[Black "Wilson, Michael GA"]
[Result "0-1"]
[WhiteElo "1247"]
[BlackElo "1688"]
[PlyCount "110"]
[EventDate "2021.01.26"]
[WhiteTeam "Uxbridge Fury"]
[BlackTeam "Redbridge All Sorts 3"]

1. e4 Nf6 2. Nc3 d5 3. exd5 Nxd5 4. Nf3 Bg4 5. Be2 e6 6. O-O Be7 7. Nxd5 exd5
8. d4 O-O 9. h3 Bh5 10. c4 Nc6 11. cxd5 Qxd5 12. Be3 Bf6 13. a3 Rac8 14. Rc1
Rfd8 15. Rc5 Qxc5 16. dxc5 Rxd1 17. Rxd1 Bxb2 18. Bc1 Bxc1 19. Rxc1 Re8 20. Kf1
f6 21. g4 Bf7 22. Bb5 Re6 23. Bxc6 Rxc6 24. Rd1 Kf8 25. Rd8+ Ke7 26. Rb8 Bd5
27. Nd4 Rxc5 28. Nf5+ Kf7 29. Rd8 Bc4+ 30. Kg2 Rd5 31. Rc8 Rd7 32. Rh8 h6 33.
Rh7 Kg8 34. Rxg7+ Rxg7 35. Nxg7 Kxg7 36. Kf3 a5 37. Ke4 c6 38. Kd4 b5 39. Kc3
a4 40. Kb4 Kg6 41. f4 h5 42. f5+ Kg5 43. Kc5 Bd5 44. Kd6 hxg4 45. hxg4 Kxg4 46.
Ke7 Kxf5 47. Kd6 Ke4 48. Kc5 f5 49. Kb4 f4 50. Kc3 Ke3 51. Kc2 Ke2 52. Kc1 f3
53. Kc2 f2 54. Kc1 Kd3 55. Kd1 f1=R# 0-1

[Event "4NCL Online Division 7"]
[Site "online"]
[Date "2021.01.26"]
[Round "1.253"]
[White "Sharman, Jay"]
[Black "Cepoi, Gesneria-Codruta"]
[Result "0-1"]
[WhiteElo "1592"]
[BlackElo "942"]
[PlyCount "110"]
[EventDate "2021.01.26"]
[WhiteTeam "Redbridge All Sorts 3"]
[BlackTeam "Uxbridge Fury"]

1. e4 e5 2. Nf3 Nc6 3. Bc4 Bc5 4. b4 Bxb4 5. c3 Bc5 6. d4 exd4 7. cxd4 Bb6 8.
O-O d6 9. Bb2 Na5 10. Bd3 Ne7 11. Nc3 Bg4 12. Na4 c6 13. Nxb6 axb6 14. h3 Bh5
15. Be2 d5 16. e5 Nc4 17. Bc1 O-O 18. Nd2 Bxe2 19. Qxe2 b5 20. f4 Nf5 21. Qf2
Nce3 22. Nb3 Nxf1 23. Kxf1 Qh4 24. Qxh4 Nxh4 25. g3 Ng6 26. Bd2 f5 27. Bb4 Rfe8
28. a3 Ne7 29. Bd6 Kf7 30. Re1 Nc8 31. Bb4 Nb6 32. Nc5 Nc4 33. Nxb7 h6 34. Nc5
Nxa3 35. e6+ Kg6 36. Re2 Nc4 37. Kf2 Nd6 38. g4 Ne4+ 39. Kf3 Ra1 40. gxf5+ Kxf5
41. Nxe4 dxe4+ 42. Rxe4 Rxe6 43. Re5+ Rxe5 44. fxe5 Rb1 45. Bc5 b4 46. Ke3 b3
47. Kd3 Rc1 48. Ba3 Rc2 49. h4 g5 50. hxg5 hxg5 51. Be7 g4 52. Bh4 Rh2 53. d5
cxd5 54. e6 Kxe6 55. Bg5 b2 0-1

[Event "4NCL Online Division 7"]
[Site "online"]
[Date "2021.01.26"]
[Round "1.254"]
[White "Peddireddi, Satya"]
[Black "Lataille, Matthias"]
[Result "0-1"]
[WhiteElo "920"]
[BlackElo "1547"]
[PlyCount "92"]
[EventDate "2021.01.26"]
[WhiteTeam "Uxbridge Fury"]
[BlackTeam "Redbridge All Sorts 3"]

1. e4 e5 2. Nf3 Nc6 3. Bc4 Nf6 4. Ng5 d5 5. exd5 Na5 6. Bb5+ c6 7. dxc6 bxc6 8.
Ba4 Bg4 9. f3 Bh5 10. d3 Bc5 11. Qe2 O-O 12. a3 Bb6 13. b4 Nb7 14. Bxc6 Qc7 15.
Ba4 Bd4 16. Ra2 Nd5 17. Nh3 Bg6 18. Bb2 Nb6 19. Bb3 Rfe8 20. c3 a5 21. Nd2 Bxc3
22. Bxc3 Qxc3 23. O-O Qd4+ 24. Rf2 Rac8 25. Ng5 Rc1+ 26. Nf1 a4 27. Bxf7+ Bxf7
28. Rc2 Rxc2 29. Qxc2 Rc8 30. Qb2 Qxb2 31. Rxb2 Rc3 32. Re2 Rxa3 33. Rxe5 Rxd3
34. Rb5 Rd6 35. Nd2 a3 36. Nxf7 Kxf7 37. Nb3 a2 38. Kf2 Ke7 39. Re5+ Re6 40. f4
Rxe5 41. fxe5 Ke6 42. Na1 Kxe5 43. b5 Kd4 44. Ke2 Kc3 45. Kd1 Kb2 46. Nc2 Nc4
0-1

[Event "4NCL Online Division 7"]
[Site "online"]
[Date "2021.01.26"]
[Round "1.5"]
[White "Zholnin, Ivan"]
[Black "Bedi, Adam"]
[Result "0-1"]
[WhiteElo "1324"]
[BlackElo "1954"]
[PlyCount "128"]
[EventDate "2021.01.26"]
[WhiteTeam "Barnet Knights E"]
[BlackTeam "Eagle and Child"]

1. e4 c6 2. d4 d5 3. e5 Bf5 4. c3 e6 5. Nd2 Ne7 6. Nb3 h6 7. Nf3 Nd7 8. Bf4 g5
9. Be3 Bg7 10. h3 O-O 11. Be2 Ng6 12. Bd3 Bxd3 13. Qxd3 a5 14. a4 b6 15. g4 c5
16. Nbd2 cxd4 17. cxd4 Rc8 18. Rh2 Qe7 19. Ke2 Rc6 20. Rah1 Rfc8 21. h4 Nf4+
22. Bxf4 gxf4 23. g5 h5 24. g6 f6 25. Rg2 fxe5 26. dxe5 Nxe5 27. Nxe5 Bxe5 28.
g7 Rc2 29. Qg6 f3+ 30. Kd3 fxg2 31. Rg1 Rxd2+ 32. Kxd2 Bxb2 33. Rxg2 Qb4+ 34.
Kd1 Qd4+ 35. Ke2 Qe4+ 36. Qxe4 dxe4 37. Rg6 Kf7 38. Rg5 Bxg7 39. Rxh5 Rc5 40.
Rxc5 bxc5 41. Ke3 c4 42. Kxe4 c3 43. Kd3 Kg6 44. Kc2 Kh5 45. Kc1 Kxh4 46. Kc2
Kg4 47. Kc1 Kf3 48. Kc2 Kxf2 49. Kc1 e5 50. Kc2 e4 51. Kc1 e3 52. Kc2 e2 53.
Kc1 e1=Q+ 54. Kc2 Qd2+ 55. Kb3 Qb2+ 56. Kc4 c2 57. Kd3 Qc3+ 58. Ke4 Qe3+ 59.
Kd5 c1=Q 60. Kd6 Qcd2+ 61. Kc6 Qec3+ 62. Kb6 Qd6+ 63. Ka7 Qcc7+ 64. Ka8 Qdd8#
0-1

[Event "4NCL Online Division 7"]
[Site "online"]
[Date "2021.01.26"]
[Round "1.6"]
[White "Whitehead, Steve"]
[Black "Scheffel, Charlie"]
[Result "1-0"]
[WhiteElo "1758"]
[BlackElo "1167"]
[PlyCount "109"]
[EventDate "2021.01.26"]
[WhiteTeam "Eagle and Child"]
[BlackTeam "Barnet Knights E"]

1. Nf3 Nc6 2. d4 d5 3. Bf4 Nf6 4. e3 g6 5. c3 Bg7 6. Nbd2 O-O 7. h3 e6 8. Bd3
Bd7 9. O-O Rc8 10. Ne5 Nh5 11. Nxd7 Nxf4 12. Nxf8 Nxd3 13. Qc2 Qxf8 14. Qxd3
Rd8 15. Nf3 Qe7 16. Rab1 e5 17. dxe5 Nxe5 18. Nxe5 Qxe5 19. Qd4 Qe6 20. Qxa7
Qc6 21. Rbd1 b6 22. Qa3 Ra8 23. Qb3 Ra5 24. a4 b5 25. Qxd5 Qb6 26. Qd8+ Bf8 27.
axb5 Rxb5 28. b4 Qc6 29. Qd7 Qb6 30. Ra1 Qb8 31. Ra8 Qxa8 32. Qxb5 c6 33. Qd3
Bg7 34. c4 Bf8 35. b5 cxb5 36. cxb5 Bc5 37. Qc4 Bb6 38. Rc1 Qa3 39. Qc8+ Kg7
40. Qc3+ Qxc3 41. Rxc3 Ba5 42. Rc6 Kf8 43. b6 Bc3 44. b7 Be5 45. f4 Bb8 46.
Rc8+ Ke7 47. Rxb8 Kd7 48. Rc8 Kd6 49. b8=Q+ Kd5 50. Re8 Kc4 51. Qd6 f5 52. Rc8+
Kb5 53. Qb8+ Ka5 54. Rc7 Ka6 55. Ra7# 1-0

[Event "4NCL Online Division 7"]
[Site "online"]
[Date "2021.01.26"]
[Round "1.7"]
[White "Rasalingam, Rishi"]
[Black "Weber, Simon"]
[Result "0-1"]
[WhiteElo "1181"]
[BlackElo "1654"]
[PlyCount "124"]
[EventDate "2021.01.26"]
[WhiteTeam "Barnet Knights E"]
[BlackTeam "Eagle and Child"]

1. e4 c6 2. d3 d5 3. Nd2 e5 4. g3 Nf6 5. Bg2 Bd6 6. Ngf3 h6 7. O-O O-O 8. b3
Be6 9. Bb2 Qc7 10. Rc1 Na6 11. exd5 Nxd5 12. c4 Ndb4 13. Ne4 Nxa2 14. Ra1 N2b4
15. Nxd6 Qxd6 16. Nxe5 Rfd8 17. d4 f6 18. c5 Qc7 19. Nf3 Nxc5 20. Qe1 Ncd3 21.
Qxe6+ Kh8 22. Qe2 Nxb2 23. Qxb2 Rd6 24. Qc3 Nd5 25. Qc5 a6 26. Nh4 Rad8 27.
Rad1 Qf7 28. Bxd5 Rxd5 29. Qc4 Qh5 30. Rfe1 c5 31. Qc2 f5 32. Rd2 Qg5 33. Rde2
cxd4 34. Re8+ Kh7 35. Rxd8 Qxd8 36. Nxf5 d3 37. Qc4 Rxf5 38. Qe4 Qd5 39. Qb4
Qf3 40. Qd2 Qd5 41. b4 Rf6 42. Re3 Rd6 43. f4 Qd4 44. Kf2 Rb6 45. Qxd3+ Qxd3
46. Rxd3 Rxb4 47. Rd7 a5 48. Rd5 a4 49. Ra5 b5 50. h4 Rb3 51. g4 a3 52. g5 hxg5
53. hxg5 Kg6 54. Ra7 b4 55. Kg2 Kf5 56. Rf7+ Kg4 57. g6 a2 58. Ra7 Rb2+ 59. Kf1
Rb1+ 60. Ke2 a1=Q 61. Rxa1 Rxa1 62. Ke3 Kf5 0-1

[Event "4NCL Online Division 7"]
[Site "online"]
[Date "2021.01.26"]
[Round "1.8"]
[White "Payne, Phillip"]
[Black "Kuryan, Elizabeth"]
[Result "1-0"]
[WhiteElo "1232"]
[BlackElo "910"]
[PlyCount "79"]
[EventDate "2021.01.26"]
[WhiteTeam "Eagle and Child"]
[BlackTeam "Barnet Knights E"]

1. e4 c5 2. Nf3 Nc6 3. d3 d5 4. exd5 Qxd5 5. Nc3 Qd8 6. g3 Nf6 7. Bg2 g6 8. O-O
Bg7 9. Re1 O-O 10. Ne5 Be6 11. Bxc6 bxc6 12. Nxc6 Qc7 13. Qf3 Rfc8 14. Ne5 Nd7
15. Nxf7 Bxf7 16. Rxe7 Rf8 17. Rxf7 Rxf7 18. Qxa8+ Rf8 19. Qd5+ Kh8 20. Nb5 Qc8
21. Nxa7 Qe8 22. Bd2 Bxb2 23. Re1 Qd8 24. Nc6 Qc7 25. Bf4 Qa7 26. Bd6 Ra8 27.
Re7 Qb7 28. Ne5 Qxd5 29. Nf7+ Kg8 30. Nh6+ Kh8 31. Rxd7 Qxa2 32. Nf7+ Kg8 33.
Nh6+ Kh8 34. Nf7+ Kg7 35. Ng5+ Kg8 36. Bxc5 Qb1+ 37. Kg2 Ra1 38. Rd8+ Kg7 39.
Bf8+ Kg8 40. Bh6# 1-0

[Event "4NCL Online Division 7"]
[Site "online"]
[Date "2021.01.26"]
[Round "1.15"]
[White "Townsend, Ray P"]
[Black "Evans, Damian"]
[Result "0-1"]
[WhiteElo "1698"]
[BlackElo "1510"]
[PlyCount "104"]
[EventDate "2021.01.26"]
[WhiteTeam "Fossa Corieltauvorum"]
[BlackTeam "BCC Dinosaurs"]

1. f4 d5 2. e3 Nf6 3. Nf3 g6 4. b3 Bg7 5. Bb2 O-O 6. c4 c5 7. cxd5 Qxd5 8. Bc4
Qd6 9. O-O b6 10. Be5 Qc6 11. Nc3 Ba6 12. Bxa6 Nxa6 13. Rc1 Nb8 14. a4 Nbd7 15.
d4 Nxe5 16. fxe5 Nd5 17. Qe2 Rac8 18. Nb5 Qb7 19. Na3 e6 20. Ng5 Qe7 21. Nc4
Qxg5 22. Rf3 cxd4 23. exd4 Qxc1+ 24. Rf1 Qg5 25. Qf3 f6 26. Qh3 f5 27. Qf3 Bh6
28. Re1 Qf4 29. Qd3 Qh4 30. Rf1 Rxc4 31. bxc4 Ne3 32. Rb1 Qe4 33. Qxe4 fxe4 34.
c5 bxc5 35. dxc5 Rc8 36. Rb5 Nc4 37. Kf1 a6 38. Rb7 Rxc5 39. g3 Rxe5 40. Rb8+
Bf8 41. Re8 e3 42. Ke2 Nb6 43. a5 Nc4 44. Ra8 Rxa5 45. Rc8 Nd6 46. Rc6 Ra3 47.
h4 a5 48. Ra6 Kg7 49. Ra7+ Kh6 50. Ra6 Kh5 51. Ra7 h6 52. Rf7 Nxf7 0-1

[Event "4NCL Online Division 7"]
[Site "online"]
[Date "2021.01.26"]
[Round "1.16"]
[White "Reis, David"]
[Black "Manger, John D"]
[Result "0-1"]
[WhiteElo "1411"]
[BlackElo "1660"]
[PlyCount "84"]
[EventDate "2021.01.26"]
[WhiteTeam "BCC Dinosaurs"]
[BlackTeam "Fossa Corieltauvorum"]

1. d4 d5 2. Bf4 Nf6 3. e3 a6 4. h3 Bf5 5. Nd2 e6 6. a3 h6 7. Ngf3 c5 8. c3 Nc6
9. Be2 Bd6 10. Bxd6 Qxd6 11. O-O c4 12. a4 O-O 13. b3 b5 14. axb5 axb5 15. bxc4
bxc4 16. Nh2 Ra3 17. Rxa3 Qxa3 18. Qa1 Ra8 19. Qxa3 Rxa3 20. Rc1 Ra2 21. Nhf3
Na5 22. Kf1 Ne4 23. Nxe4 Bxe4 24. g4 Nb3 25. Re1 Rc2 26. Bd1 Rxc3 27. Bxb3 Rxb3
28. Nd2 Bd3+ 29. Kg2 Rb2 30. Nf3 c3 31. Ne5 Be4+ 32. Kg3 c2 33. f3 Rb1 34. Rxb1
cxb1=Q 35. fxe4 Qxe4 36. Kf2 f6 37. Nf3 Qc2+ 38. Kg3 g5 39. h4 gxh4+ 40. Nxh4
Qe2 41. Kf4 Qh2+ 42. Kf3 Qxh4 0-1

[Event "4NCL Online Division 7"]
[Site "online"]
[Date "2021.01.26"]
[Round "1.17"]
[White "Harrison, Peter K"]
[Black "Cummins, Mark"]
[Result "1-0"]
[WhiteElo "1683"]
[BlackElo "1162"]
[PlyCount "103"]
[EventDate "2021.01.26"]
[WhiteTeam "Fossa Corieltauvorum"]
[BlackTeam "BCC Dinosaurs"]

1. d4 c6 2. c4 d5 3. e3 Nf6 4. Nc3 Bf5 5. Nf3 e6 6. h3 Nbd7 7. a3 c5 8. cxd5
exd5 9. dxc5 Be6 10. Nd4 a6 11. b4 Be7 12. Bd3 Ne5 13. Nxe6 Nxd3+ 14. Qxd3 fxe6
15. O-O O-O 16. Bb2 Nd7 17. Ne2 Bf6 18. Bxf6 Rxf6 19. Nf4 Ne5 20. Qd4 Qc7 21.
Rac1 Nc6 22. Qc3 Qd7 23. Rcd1 Rd8 24. Rfe1 Ne7 25. Qc1 Qc6 26. e4 Rdf8 27. exd5
Nxd5 28. Nxd5 exd5 29. f3 Rg6 30. Qe3 Qd7 31. Kh1 h6 32. Rd4 Qc6 33. Qe5 Rd8
34. Rg4 Rxg4 35. hxg4 d4 36. Qe6+ Qxe6 37. Rxe6 d3 38. Re1 d2 39. Rd1 Rd3 40.
a4 Kf7 41. Kg1 Ke6 42. Kf2 Kd5 43. Ke2 Kc4 44. b5 axb5 45. axb5 Rd5 46. c6 Re5+
47. Kxd2 Kxb5 48. cxb7 Re8 49. Rb1+ Kc6 50. b8=Q Rxb8 51. Rxb8 Kc7 52. Rg8 1-0

[Event "4NCL Online Division 7"]
[Site "online"]
[Date "2021.01.26"]
[Round "1.18"]
[White "Ruth, Ahern"]
[Black "Gray, Paul"]
[Result "0-1"]
[WhiteElo "700"]
[BlackElo "1608"]
[PlyCount "114"]
[EventDate "2021.01.26"]
[WhiteTeam "BCC Dinosaurs"]
[BlackTeam "Fossa Corieltauvorum"]

1. Nf3 b6 2. e4 Bb7 3. d3 e6 4. h3 Be7 5. c4 h6 6. b4 d6 7. a4 Nf6 8. g4 Nh7 9.
b5 Nd7 10. Nd4 Bf6 11. Be3 e5 12. Nf3 Bg5 13. h4 Bxe3 14. fxe3 Qe7 15. h5 Ng5
16. Nxg5 Qxg5 17. Qd2 Nf6 18. Rg1 Bc8 19. Ke2 Bxg4+ 20. Rxg4 Qxg4+ 21. Kf2 Qxh5
22. Be2 Qh2+ 23. Kf1 Ng4 24. Bxg4 Qh1+ 25. Ke2 Qg2+ 26. Kd1 Qxg4+ 27. Qe2 Qxe2+
28. Kxe2 g5 29. d4 h5 30. dxe5 dxe5 31. Kf2 g4 32. Kg3 O-O-O 33. Kh4 Rdg8 34.
a5 g3 35. Nd2 Rg4+ 36. Kh3 Rhg8 37. axb6 axb6 38. c5 Kd7 39. Nc4 g2 40. Nxe5+
Ke6 41. Nxg4 Rxg4 42. Kh2 Rxe4 43. Kxg2 Rxe3 44. Kf2 Re5 45. Ra7 Rxc5 46. Rxc7
Rxc7 47. Kf3 Rc5 48. Ke4 Rxb5 49. Kd4 Rc5 50. Ke4 h4 51. Kf3 b5 52. Kg4 Rc4+
53. Kh3 b4 54. Kg2 b3 55. Kf1 b2 56. Ke2 b1=Q 57. Kd2 Qb3 0-1

[Event "4NCL Online Division 7"]
[Site "online"]
[Date "2021.01.26"]
[Round "1.25"]
[White "Liu, Wenle"]
[Black "Rogers, David M"]
[Result "0-1"]
[WhiteElo "1162"]
[BlackElo "1547"]
[PlyCount "48"]
[EventDate "2021.01.26"]
[WhiteTeam "St Benildus E"]
[BlackTeam "Charlton Cobras B"]

1. d4 e6 2. c4 Nf6 3. e3 d5 4. Nf3 b6 5. Nc3 Bb7 6. Bd2 Nbd7 7. Be2 dxc4 8.
Bxc4 c5 9. O-O Be7 10. Re1 O-O 11. e4 cxd4 12. Nxd4 Ne5 13. Nxe6 fxe6 14. Bxe6+
Kh8 15. Qe2 Bc5 16. Be3 Bxe3 17. Qxe3 Nfg4 18. Bxg4 Nxg4 19. Qg3 Nxf2 20. Re2
Nd3 21. Rd1 Qd4+ 22. Re3 Ba6 23. Kh1 Nf2+ 24. Qxf2 Rxf2 0-1

[Event "4NCL Online Division 7"]
[Site "online"]
[Date "2021.01.26"]
[Round "1.26"]
[White "Stebbings, Robert J"]
[Black "Hand, Joseph"]
[Result "1/2-1/2"]
[WhiteElo "1598"]
[BlackElo "1092"]
[PlyCount "106"]
[EventDate "2021.01.26"]
[WhiteTeam "Charlton Cobras B"]
[BlackTeam "St Benildus E"]

1. c4 e5 2. Nc3 Nc6 3. g3 Bc5 4. Bg2 Nge7 5. Nf3 d5 6. cxd5 Nxd5 7. O-O Be6 8.
a3 O-O 9. Nxd5 Bxd5 10. d3 Nd4 11. Nxe5 Bxg2 12. Kxg2 Qd5+ 13. Nf3 Rfe8 14. e4
Qd7 15. b4 Bb6 16. Bb2 Rad8 17. Rc1 c6 18. Re1 Nxf3 19. Qxf3 Qxd3 20. Qg4 g6
21. Qf4 Qd2 22. Qf6 Bd4 23. Bxd4 Qxd4 24. Qf3 Qb2 25. Rcd1 Rd2 26. Rxd2 Qxd2
27. Rd1 Qg5 28. Rd7 Re7 29. Rd8+ Kg7 30. Qc3+ Re5 31. Rd7 Qf6 32. Rxb7 Rxe4 33.
Qxf6+ Kxf6 34. Rxa7 Rc4 35. Kf3 h5 36. h4 Ke6 37. Ke3 f5 38. Kd3 Re4 39. Ra6
Kd5 40. Ra5+ Kd6 41. Ra8 Re1 42. Rg8 Kd5 43. Rxg6 Rd1+ 44. Ke2 Ra1 45. Rg5 Ra2+
46. Ke3 Rxa3+ 47. Kf4 Kc4 48. Rxf5 Kxb4 49. Rxh5 c5 50. Rh8 c4 51. Rb8+ Kc5 52.
Rc8+ Kd4 53. Rd8+ Kc5 1/2-1/2

[Event "4NCL Online Division 7"]
[Site "online"]
[Date "2021.01.26"]
[Round "1.27"]
[White "Gubala, Max"]
[Black "Bazan, Mateusz"]
[Result "0-1"]
[WhiteElo "1110"]
[BlackElo "1595"]
[PlyCount "54"]
[EventDate "2021.01.26"]
[WhiteTeam "St Benildus E"]
[BlackTeam "Charlton Cobras B"]

1. d4 Nf6 2. c4 g6 3. Nf3 Bg7 4. Nc3 b6 5. Bf4 Bb7 6. e3 d6 7. Be2 Nbd7 8. b4
O-O 9. O-O c5 10. bxc5 dxc5 11. Re1 cxd4 12. exd4 Nh5 13. Be3 e5 14. d5 Rc8 15.
Nd2 Re8 16. Bxh5 gxh5 17. Qxh5 Nf6 18. Qf3 e4 19. Qf5 Ba6 20. Rac1 Bxc4 21. Bg5
Bd3 22. Re3 Qxd5 23. Qxd5 Nxd5 24. Rg3 Nxc3 25. Kh1 Ne2 26. Rxc8 Nxg3+ 27. hxg3
Rxc8 0-1

[Event "4NCL Online Division 7"]
[Site "online"]
[Date "2021.01.26"]
[Round "1.28"]
[White "Verbytski, Oleg"]
[Black "Kashanin, Dimitry"]
[Result "1-0"]
[WhiteElo "1336"]
[BlackElo "967"]
[PlyCount "47"]
[EventDate "2021.01.26"]
[WhiteTeam "Charlton Cobras B"]
[BlackTeam "St Benildus E"]

1. e4 e6 2. d4 d5 3. exd5 exd5 4. Nc3 Nf6 5. Bg5 c6 6. Nf3 Bf5 7. Bd3 Bxd3 8.
Qxd3 Bd6 9. O-O-O O-O 10. h4 h6 11. Bxf6 Qxf6 12. g4 Qf4+ 13. Kb1 Qxg4 14. Rdg1
Qh5 15. Rg2 g6 16. Rhg1 Kh7 17. Ne5 Bxe5 18. dxe5 Qxe5 19. Rxg6 f5 20. Qd2 f4
21. Qd3 Rf5 22. Qxf5 Nd7 23. Rg7+ Kh8 24. Qh7# 1-0

[Event "4NCL Online Division 7"]
[Site "online"]
[Date "2021.01.26"]
[Round "1.35"]
[White "Dunford, Anthony D"]
[Black "Grice, Keith"]
[Result "1-0"]
[WhiteElo "1810"]
[BlackElo "1435"]
[PlyCount "79"]
[EventDate "2021.01.26"]
[WhiteTeam "The Hemel's Gambit"]
[BlackTeam "Far, Far Away"]

1. e4 c5 2. Nc3 Nc6 3. f4 d6 4. Nf3 e5 5. f5 Nf6 6. Bc4 h6 7. d3 Be7 8. O-O O-O
9. Qe1 Nh7 10. Nd5 Kh8 11. Be3 Bf6 12. Qd2 Nd4 13. c3 Nxf3+ 14. Rxf3 Bg5 15.
Raf1 Bxe3+ 16. Qxe3 f6 17. a4 a5 18. Rg3 Bd7 19. Rg6 Be8 20. h4 Rf7 21. Qd2 Rb8
22. Bb3 Rd7 23. Rg3 Bf7 24. Rh3 Bh5 25. Kh2 Bg4 26. Rg3 h5 27. Ne3 Qb6 28. Be6
Rdd8 29. Nxg4 hxg4 30. Rxg4 Nf8 31. Bd5 Qc7 32. Qd1 b5 33. Rg6 Nh7 34. axb5
Rxb5 35. h5 Rxb2 36. h6 Rd7 37. Qa1 Qb6 38. Qa4 Re7 39. Qe8+ Rxe8 40. hxg7# 1-0

[Event "4NCL Online Division 7"]
[Site "online"]
[Date "2021.01.26"]
[Round "1.36"]
[White "Varjian, Gary"]
[Black "Rollinson, David"]
[Result "0-1"]
[WhiteElo "1388"]
[BlackElo "1608"]
[PlyCount "108"]
[EventDate "2021.01.26"]
[WhiteTeam "Far, Far Away"]
[BlackTeam "The Hemel's Gambit"]

1. d4 Nf6 2. Bf4 g6 3. e3 Bg7 4. Nc3 d6 5. Be2 O-O 6. h4 Bf5 7. g4 Be6 8. h5 c6
9. Qd2 Bxg4 10. Bxg4 Nxg4 11. e4 e5 12. dxe5 dxe5 13. Bg3 Qxd2+ 14. Kxd2 Nd7
15. f3 Ngf6 16. Ke2 Nxh5 17. Bf2 Nf4+ 18. Kf1 f5 19. Bh4 Ne6 20. Bf2 f4 21. Nd1
a6 22. c3 Rad8 23. Be1 Ndc5 24. Nf2 Nd3 25. Nd1 Rf7 26. Rh2 Rfd7 27. b3 Bf8 28.
Nh3 Nxe1 29. Kxe1 Rd3 30. Rf2 Be7 31. Nb2 Rxc3 32. Nd1 Rcd3 33. Nb2 R3d7 34.
Nc4 Bh4 35. Nxe5 Bxf2+ 36. Nxf2 Re7 37. Neg4 Kg7 38. Ne5 Ng5 39. Ned3 Nxf3+ 40.
Ke2 Nd4+ 41. Kf1 f3 42. b4 h5 43. Nf4 h4 44. Nh1 Rxe4 45. Nh3 Kh6 46. Rd1 Rde8
47. N1f2 Rg4 48. Nh1 Nf5 49. Rd7 Re2 50. N1f2 Ng3+ 51. Kg1 Re1+ 52. Kh2 Nf1+
53. Kh1 Ne3+ 54. Kh2 Rg2# 0-1

[Event "4NCL Online Division 7"]
[Site "online"]
[Date "2021.01.26"]
[Round "1.37"]
[White "Huhn, Robert M"]
[Black "Ritchie, Stephen"]
[Result "1-0"]
[WhiteElo "1377"]
[BlackElo "1164"]
[PlyCount "82"]
[EventDate "2021.01.26"]
[WhiteTeam "The Hemel's Gambit"]
[BlackTeam "Far, Far Away"]

1. c4 c6 2. e4 e5 3. Nf3 d6 4. d4 exd4 5. Nxd4 Be7 6. Nc3 Nf6 7. Be2 O-O 8. O-O
Nbd7 9. Nf5 Nc5 10. Nxe7+ Qxe7 11. f3 a6 12. b4 Ne6 13. Be3 Nd7 14. Qd2 b6 15.
Rfd1 c5 16. Qxd6 Qxd6 17. Rxd6 cxb4 18. Nd5 Rb8 19. Nxb4 Ndc5 20. Nd5 Rd8 21.
Rxd8+ Nxd8 22. Rb1 Nde6 23. Rxb6 Rxb6 24. Nxb6 Bb7 25. Nd5 Kf8 26. Kf2 Nd7 27.
f4 Nec5 28. e5 f6 29. Bxc5+ Nxc5 30. exf6 Ne4+ 31. Ke3 Nxf6 32. Nxf6 gxf6 33.
g4 h6 34. h4 Kg7 35. Bf3 Bc8 36. c5 Kf7 37. Bd5+ Ke7 38. g5 hxg5 39. fxg5 fxg5
40. hxg5 a5 41. Kf4 Kf8 1-0

[Event "4NCL Online Division 7"]
[Site "online"]
[Date "2021.01.26"]
[Round "1.38"]
[White "Ksiazek, Slawomir"]
[Black "Shergill, Ranjit"]
[Result "1-0"]
[WhiteElo "1068"]
[BlackElo "1045"]
[PlyCount "73"]
[EventDate "2021.01.26"]
[WhiteTeam "Far, Far Away"]
[BlackTeam "The Hemel's Gambit"]

1. e4 e5 2. f4 Qe7 3. d4 Nf6 4. Nc3 exd4 5. Qxd4 Nxe4 6. Qxe4 Qxe4+ 7. Nxe4 d5
8. Nc3 d4 9. Nb5 Na6 10. Nxd4 Bc5 11. Ngf3 Nb4 12. a3 Nd5 13. c4 Nb6 14. b4 Be7
15. c5 Nd5 16. Bb5+ Kf8 17. Bc4 c6 18. b5 Bd7 19. Ne5 Bc8 20. bxc6 Bxc5 21.
cxb7 Bxb7 22. Nd7+ Ke8 23. Nxc5 Rc8 24. Bb5+ Kf8 25. Nxb7 Rb8 26. Nc5 Kg8 27.
a4 Rc8 28. Ba3 Nxf4 29. O-O Ng6 30. Rac1 a5 31. Ndb3 Ra8 32. Bc6 Ra7 33. Nd7
Ne7 34. Rfe1 Rxd7 35. Bxd7 Ng6 36. Re8+ Nf8 37. Rxf8# 1-0

[Event "4NCL Online Division 7"]
[Site "online"]
[Date "2021.01.26"]
[Round "1.45"]
[White "Burnton, Joshua"]
[Black "Bernard, Christopher"]
[Result "1/2-1/2"]
[WhiteElo "1315"]
[BlackElo "1696"]
[PlyCount "96"]
[EventDate "2021.01.26"]
[WhiteTeam "MHJ Knights"]
[BlackTeam "Streatham B"]

1. e4 c5 2. b4 e6 3. bxc5 Bxc5 4. d4 Bb6 5. Nc3 d6 6. Nf3 Nf6 7. Bd3 Nc6 8. e5
dxe5 9. dxe5 Nd5 10. Nxd5 Qxd5 11. Bf4 Ba5+ 12. Bd2 Bxd2+ 13. Nxd2 Qxe5+ 14.
Be2 Bd7 15. O-O Nd4 16. Re1 Nxe2+ 17. Rxe2 Qd5 18. Qe1 O-O 19. Re5 Qc6 20. Rg5
Rac8 21. Ne4 f6 22. Rg3 e5 23. Rd1 Bf5 24. Nc3 Bxc2 25. Rd2 Bg6 26. Nd5 Qe8 27.
h3 Qf7 28. Ne3 Rfd8 29. Re2 Rd3 30. Rb2 Rdc3 31. Qd2 Rd3 32. Qb4 b6 33. Qg4
Rcd8 34. Nf1 Rxg3 35. Nxg3 Qd5 36. Nf1 Qd7 37. Rd2 Qe7 38. Qc4+ Bf7 39. Rxd8+
Qxd8 40. Qa4 a6 41. Qxa6 g6 42. Ng3 Bd5 43. Ne2 Bc6 44. Nc3 Kg7 45. Qa3 Qd7 46.
Qb4 b5 47. Qa5 f5 48. Qb4 Kf7 1/2-1/2

[Event "4NCL Online Division 7"]
[Site "online"]
[Date "2021.01.26"]
[Round "1.46"]
[White "Chung, Michael"]
[Black "Badacsonyi, Stanley"]
[Result "0-1"]
[WhiteElo "1631"]
[BlackElo "1214"]
[PlyCount "142"]
[EventDate "2021.01.26"]
[WhiteTeam "Streatham B"]
[BlackTeam "MHJ Knights"]

1. e4 d5 2. exd5 Qxd5 3. Nc3 Qa5 4. d4 Nf6 5. Bd3 c6 6. h3 Bf5 7. Nf3 e6 8. O-O
Nbd7 9. a3 Be7 10. Bd2 Bxd3 11. cxd3 Qc7 12. Re1 O-O 13. Ne4 Rad8 14. Bc3 Rfe8
15. Qc2 Nb6 16. b4 Nbd5 17. Bd2 Nf4 18. Be3 N6d5 19. Rad1 a5 20. Bxf4 Nxf4 21.
Rb1 axb4 22. axb4 Nd5 23. b5 cxb5 24. Qb3 b4 25. Rbc1 Qf4 26. Ng3 Ra8 27. Ra1
g6 28. Ne4 Rxa1 29. Rxa1 Rc8 30. Qa4 Rc1+ 31. Rxc1 Qxc1+ 32. Kh2 Nc3 33. Qe8+
Bf8 34. Nfg5 Qf4+ 35. g3 Qf5 36. g4 Qf4+ 37. Kg2 Nxe4 38. Nxe4 Kg7 39. Qb5 f5
40. Qxb7+ Kh8 41. Qf7 Qh6 42. Nf6 Qg7 43. Qxe6 b3 44. Nd7 b2 45. Ne5 Qb7+ 46.
d5 b1=Q 47. Qf6+ Qg7 48. Qe6 Qbb7 49. g5 Qbe7 50. f4 Qxe6 51. dxe6 Qe7 52. d4
Qxe6 53. Kg3 Qd5 54. h4 Qxd4 55. Kf3 Bc5 56. Kg3 Qf2+ 57. Kh3 Qxf4 58. Nf7+ Kg7
59. Nh6 Bd6 60. Kg2 Qxh4 61. Kf1 Qxg5 62. Kf2 Qxh6 63. Kg2 Qh2+ 64. Kf3 Qg3+
65. Ke2 h5 66. Kf1 h4 67. Ke2 h3 68. Kf1 h2 69. Ke2 h1=Q 70. Kd2 Qhe1+ 71. Kc2
Qgc3# 0-1